000 00469nam a2200157Ia 4500
999 _c5390
_d5390
003 OSt
005 20200113095857.0
008 190216s9999||||xx |||||||||||||| ||und||
040 _coclc
082 _a338.64
_bBHA/E
100 _aBhanushali, S G
_91135
245 0 _aEntrepreneurship Development /
_c S G Bhanushali
260 _bHimalaya Publishing House,
_c1987.
_aNew Delhi:
300 _a255p
942 _cBK
_2ddc
_h338.64
_iBHA/E
_k338.64
_mBHA/E